LEADER 04550 am 2201057 n 450 001 9910214940003321 005 20170201 010 $a2-37546-024-3 024 7 $a10.4000/books.pressesenssib.1844 035 $a(CKB)3710000001633290 035 $a(FrMaCLE)OB-pressesenssib-1844 035 $a(oapen)https://directory.doabooks.org/handle/20.500.12854/61033 035 $a(PPN)267946449 035 $a(EXLCZ)993710000001633290 100 $a20170720j|||||||| ||| 0 101 0 $afre 135 $auu||||||m|||| 181 $ctxt$2rdacontent 182 $cc$2rdamedia 183 $acr$2rdacarrier 200 10$aTours et détours en bibliothèque. Carnet de voyage /$fLeslie Kaplan, Jane Sautière, Henri Raczymow, Philippe Fusaro, Pascal Commère, Baptiste-Marrey, Dominique Fabre, François Salvaing, Jacques Séréna, François Bon, Emmanuelle Pireyre, Jean de Breyne, Sylvie Gracia, Mouloud Akkouche, Nicolas Fargues, Alice Ferney, Fabienne Swiatly, Lucien Suel, Christine Détrez, Aurélie Pétrel 210 $aVilleurbanne $cPresses de l?enssib$d2017 215 $a1 online resource (272 p.) 311 $a2-910227-97-9 330 $aUne bibliothèque pour faire quoi ? 19 écrivains et 1 plasticienne répondent, à leur manière ? pour faire un tour, pour regarder un film, pour donner RDV, pour se mettre au chaud, pour lire, pour mettre le feu, pour parler de Flaubert, pour photographier le chantier, pour faire le ménage, pour être seul avec d'autres, pour travailler, pour dormir... Dans des styles différents, entre récits, nouvelles ou témoignages, les auteurs ont composé un portrait à multiples facettes de ce lieu public, et de ses passagers. Leurs textes reflètent aussi les grandes tendances de la littérature contemporaine, tournés pour certains vers le politique ou le social, pour d'autres vers le poétique ou le biographique. De son côté, en photographe, Aurélie Pétrel donne un ancrage visuel à ce Carnet de voyage. 606 $aLibrary, Information & Communication sciences 606 $abibliothèques 606 $aFrance 606 $alittérature 606 $arelation écrivain-lecteur 606 $alivres 606 $alecture 610 $alittérature 610 $abibliothèques 610 $alecture 610 $arelation écrivain-lecteur 610 $aFrance 610 $alivres 615 4$aLibrary, Information & Communication sciences 615 4$abibliothèques 615 4$aFrance 615 4$alittérature 615 4$arelation écrivain-lecteur 615 4$alivres 615 4$alecture 700 $aKaplan$b Leslie$01327595 701 $aSautière$b Jane$01327596 701 $aRaczymow$b Henri$01327597 701 $aFusaro$b Philippe$01327598 701 $aCommère$b Pascal$0594013 701 $aBaptiste-Marrey$0544355 701 $aFabre$b Dominique$01327599 701 $aSalvaing$b François$01327600 701 $aSéréna$b Jacques$01327601 701 $aBon$b François$01284543 701 $aPireyre$b Emmanuelle$01327602 701 $ade Breyne$b Jean$01327603 701 $aGracia$b Sylvie$01327604 701 $aAkkouche$b Mouloud$01327605 701 $aFargues$b Nicolas$0776994 701 $aFerney$b Alice$01327606 701 $aSwiatly$b Fabienne$01327607 701 $aSuel$b Lucien$01327608 701 $aDétrez$b Christine$0738502 701 $aPétrel$b Aurélie$01327609 701 $aAkkouche$b Mouloud$01327605 701 $aBaptiste-Marrey$0544355 701 $aBon$b François$01284543 701 $aCommère$b Pascal$0594013 701 $aDétrez$b Christine$0738502 701 $ade Breyne$b Jean$01327610 701 $aFabre$b Dominique$01327599 701 $aFargues$b Nicolas$0776994 701 $aFerney$b Alice$01327606 701 $aFusaro$b Philippe$01327598 701 $aGracia$b Sylvie$01327604 701 $aJackson$b Catherine$01285441 701 $aKaplan$b Leslie$01327595 701 $aPétrel$b Aurélie$01327609 701 $aPireyre$b Emmanuelle$01327602 701 $aRaczymow$b Henri$01327597 701 $aSalvaing$b François$01327600 701 $aSautière$b Jane$01327596 701 $aSéréna$b Jacques$01327601 701 $aSuel$b Lucien$01327608 701 $aSwiatly$b Fabienne$01327607 801 0$bFR-FrMaCLE 906 $aBOOK 912 $a9910214940003321 996 $aTours et détours en bibliothèque. Carnet de voyage$93038044 997 $aUNINA